00533nam a2200205Ia 4500003000400000005001700004008004100021020001800062040000700080041000800087082002100095100001700116245006600133260003900199300001500238365001300253650001500266650002300281700002300304OSt20250715103047.0210423s2010 xx 000 0 und d a9788132103011 cAL aeng a070.40954 bACHG aKeya Acharya aGreen penb: environmental journalism in India and South Asia aNew DelhibSage Publicationsc2010 axv,303bPB b395cINR aJournalism aJournalism & Media aNoronha, Frederick